| Tag |
First Indicator |
Second Indicator |
Subfields |
| LEADER |
00000cam a22000001 4500 |
| 001 |
in00000098998 |
| 005 |
20150926125550.0 |
| 008 |
700802s1968 ohu d 00000 eng |
| 010 |
|
|
|a 68007856
|
| 019 |
|
|
|a 272255
|
| 035 |
|
|
|a (OCoLC)00225748
|
| 035 |
|
|
|9 AAL3679AM
|
| 040 |
|
|
|a DLC
|c DLC
|d TXA
|d UtOrBLW
|
| 049 |
|
|
|a TXAM [Also in] [Med Sci]
|c 1 [801897]
|
| 050 |
0 |
0 |
|a TP9
|b .G28 1968b
|
| 082 |
0 |
|
|a 660/.03
|
| 100 |
1 |
|
|a Gardner, William,
|d -1943.
|
| 245 |
1 |
0 |
|a Chemical synonyms and trade names ;
|b a dictionary and commercial handbook.
|
| 250 |
|
|
|a 6th ed., rev. and enl.
|b by Edward I. Cooke.
|
| 264 |
|
1 |
|a Cleveland, Ohio :
|b CRC Press,
|c [1968]
|
| 300 |
|
|
|a 635 pages ;
|c 25 cm.
|
| 336 |
|
|
|a text
|b txt
|2 rdacontent
|
| 337 |
|
|
|a unmediated
|b n
|2 rdamedia
|
| 338 |
|
|
|a volume
|b nc
|2 rdacarrier
|
| 490 |
0 |
|
|a International scientific series
|
| 650 |
|
0 |
|a Chemicals
|v Dictionaries.
|
| 650 |
|
0 |
|a Chemicals
|x Trademarks.
|
| 700 |
1 |
|
|a Cooke, Edward Ingram.
|
| 999 |
|
|
|a MARS
|
| 999 |
f |
f |
|s 1e58e46b-c82b-3f32-bbe9-0b4798ae9722
|i 12579868-f365-39b1-a3fe-8682bb367d61
|t 0
|
| 952 |
f |
f |
|p ric
|a Texas A&M University
|b Rellis Campus
|c Joint Library Facility
|d Remote Storage
|t 0
|e TP9 .G28 1968b
|h Library of Congress classification
|i unmediated -- volume
|m A14805594695
|
| 998 |
f |
f |
|a TP9 .G28 1968b
|t 0
|l Remote Storage
|